| 000 | 00917nam a2200253 a 4500 | ||
|---|---|---|---|
| 001 | |||
| 003 | DO-SdBNP | ||
| 005 | 20250207122218.0 | ||
| 008 | 150306s2013 dr 000 0 spa d | ||
| 040 |
_aBPMSU _bspa _cBPMSU |
||
| 082 |
_a923.27293 _bD812e _222 |
||
| 245 | 0 | 0 |
_aJuan Pablo Duarte : _bescritos / _crecopilados por el Dr. Mariano Lebron Saviñon ; prólogo Pedro Troncoso Sánchez. |
| 250 | _a5a ed. | ||
| 260 |
_aSanto Domingo : _bInstituto Duartiano, _c2013. |
||
| 300 |
_a129 p. : _bil., retrs. ; _c21 cm. |
||
| 490 | 0 |
_aDuartiana, _v1 |
|
| 590 | _6Inventariado, 2021/VM | ||
| 600 | 1 | 4 |
_aDuarte, Juan Pablo _d1813-1876 _vColecciones de escritos |
| 651 | 4 |
_aRepública Dominicana _xHistoria _vColecciones de escritos |
|
| 700 | 1 |
_aLebrón Saviñón, Mariano, _d1922- _e compilador |
|
| 700 | 1 |
_aTroncoso Sánchez, Pedro, _eprólogo |
|
| 910 | _aVMateo V. Control de calidad. BPMSU | ||
| 942 |
_2ddc _cBK |
||
| 999 |
_c13638 _d13638 |
||